Political Parties of Australia Quiz - Statistics

General Stats
  • This quiz has been taken 85 times
    63 since last reset
  • The average score is 8 of 30
Answer Stats
Hint Answer % Correct
Party that is currently in government Australian Labor Party
100%
Main party that forms current opposition. Part of a coalition. Liberal Party of Australia
100%
Party which is primarily focused on environmental issues. Australian Greens
87%
Secondary party of the coalition. National Party of Australia
87%
National-Populist Far right party. Led by woman who once owned a fish and chips shop. Pauline Hanson's One Nation
72%
An unorthodox agrarian and protectionist party founded by a popular North Queenslander. Katter's Australian Party
46%
Centralist Party. Center Alliance
43%
Party that advocates for animal rights. Animal Justice Party
35%
Party that advocates for classical Liberalism. Liberal Democratic Party
20%
Socialist party. Socialist Alliance
20%
Party that represents the biggest religion in Australia. Australian Christians
19%
Centrist Liberal party. Australian Democrats
19%
Agrarian right wing party founded in the Northern Territory. Country Liberal Party
15%
A Socialist party based in Victoria. Victorian Socialists
15%
Party that subscribes to the ideas of Lyndon LaRouche. Australian Citizens Party
13%
Populist party founded by Tasmanian senator. Jacqui Lambi Network
13%
Political party created by the merger of many smaller parties, some of which are ridiculous. FUSION: Science, Pirate, Secular,Climate Emergency
9%
Party which represents the Indigenous population. Indigenous-Aboriginal party of Australia
9%
Anti-Vax Party. The name is not representative of their actual values. Informed Medical Options Party
7%
Another agrarian party. Shooter, Fishers and Farmers Party
6%
A smaller version of the previous environmentalist party. Sustainable Australia Party
6%
Agrarian party that advocates for decentralization. Australian Federation Party
4%
Party that is focused on improved leadership. Australian Values Party
4%
Radically pro-democracy party. Drew Pavlou Democratic Alliance
4%
Party advocating mainly for more federal anti-corruption measures. Federal ICAC Now
4%
A Civil Libertarian Alternative. Reason Australia
4%
Party that focuses on the legalisation of a certain drug. Legalise Cannibis Australia
2%
Regionalist Party that advocates for anti corruption. Rex Patrick Team
2%
A regionalist party based in the West. Western Australia Party
2%
Another right wing populist party. The Great Australia Party
0%
No matching quizzes found
Score Distribution
Percent of People with Each Score
Percentile by Number Answered
Your Score History
You have not taken this quiz since the last reset